Esquema de paleogeografía chilena
Guardat en:
| Autor principal: | |
|---|---|
| Format: | Llibre |
| Idioma: | espanyol |
| Publicat: |
Santiago
Universitaria
1970
|
| Col·lecció: | Recursos Naturales, 1
|
| Matèries: | |
| Etiquetes: |
Afegir etiqueta
Sense etiquetes, Sigues el primer a etiquetar aquest registre!
|
MARC
| LEADER | 00000cam a2200000 a 4500 | ||
|---|---|---|---|
| 001 | UCU4095 | ||
| 003 | CL-VaPUC | ||
| 008 | 960517e19700000CL |||||||||||||||||spa|d | ||
| 082 | 0 | 4 | |a 551.7 |b CEC |2 21 |
| 100 | 0 | |a Cecioni, Giovanni |e author |9 361517 | |
| 245 | 1 | 0 | |a Esquema de paleogeografía chilena |
| 300 | |a 143 p | ||
| 942 | |c BK | ||
| 945 | |d 19960517 00:00:00 |a paguirre | ||
| 260 | |a Santiago |b Universitaria |c 1970 | ||
| 600 | 0 | 7 | |a CORDILLERA DE LOS ANDES |2 CL-VaPUC |9 357907 |
| 650 | 0 | |a Paleontología |9 314794 | |
| 650 | 0 | |a Geología |9 260984 | |
| 650 | 7 | |a SEDIMENTOLOGIA |2 CL-VaPUC |9 361448 | |
| 651 | 7 | |a CHILE |2 CL-VaPUC |9 361518 | |
| 651 | 0 | |a Estrecho de Magallanes |9 354479 | |
| 583 | |a last modification |c 20170327 05:57:30 |k Rodrigo Vera | ||
| 490 | 0 | |a Recursos Naturales, 1 | |
| 999 | |c 247918 |d 247916 | ||
| 952 | |0 0 |1 0 |4 0 |6 551_700000000000000_CEC_1970 |7 0 |8 A |9 264173 |a BIBING |b BIBING |d 2019-11-19 |i 1659715 |o 551.7 CEC 1970 |p 1659715 |r 2025-01-20 |w 2019-11-19 |y BK |k ING | ||
| 952 | |0 0 |1 0 |4 0 |6 551_700000000000000_CEC_1970 |7 0 |8 A |9 264174 |a BIBING |b BIBING |d 2019-11-19 |i 1666584 |o 551.7 CEC 1970 |p 1666584 |r 2025-01-20 |w 2019-11-19 |y BK |k ING | ||
| 952 | |0 0 |1 0 |4 0 |6 551_700000000000000_CEC_1970 |7 0 |8 A |9 264175 |a BIBING |b BIBING |d 2019-11-19 |i 1663178 |o 551.7 CEC 1970 |p 1663178 |r 2025-01-20 |w 2019-11-19 |y BK |k GEO | ||
| 952 | |0 0 |1 0 |4 0 |6 551_700000000000000_CEC_1970 |7 0 |8 A |9 264176 |a BIBHIS |b BIBHIS |d 2019-11-19 |i 136569K |o 551.7 CEC 1970 |p 136569K |r 2025-01-20 |w 2019-11-19 |y BK |k HIS | ||
| 952 | |0 0 |1 0 |3 erb |4 0 |6 551_700000000000000_CEC_1970 |7 0 |8 A |9 264177 |a BIBART |b BIBART |i 5239354 |o 551.7 CEC 1970 |p 5239354 |r 2025-03-13 |w 2019-11-19 |y BK |z Catalogado en:20170331 |k ART | ||